000 00541nam a22001697a 4500
003 SGT
020 _a9788125942597
082 _a658.8
100 _aKUMAR ARUN
245 _aMARKETING MANAGEMENT
250 _a2ND
260 _aNEW DELHI
_bVIKASH
_c2012
300 _a942
650 _aMARKETING MANAGEMENT
653 _aTHE MARKETER AND HIS MARKETING, FOUNDATIONS OF MARKETING, FUNDAMENTALS, OF MARKETING , MARKETING ENVIRONMENT, MARKETING RESEARCH, CONSUMER BEHAVIOR,SEGMENTATION AND TARGETING, POSITIONING,
942 _2ddc
_cFCM
_01
999 _c9142
_d9142